Quizzes
Events
Quiz Creation
Community
Videos
Private Events
Remove Ads
Sign In
Join for FREE
Feedback
Dark Mode
Quiz Categories
Sports
Geography
Music
Movies
Television
Just For Fun
Miscellaneous
History
Literature
Language
Science
Gaming
Entertainment
Religion
Holiday
For Kids
Quiz Lab
Recent
Popular Today
Quiz Kudos Today
Editor Picks
Curator Picks
Quizzes by...
Day
Popularity
Type
Ratings
Length
Year
Community
Subscriptions
Recent Discussions
Orange Saloon
Badges
Playlists
Quests
Create
Leaderboards
Showdown
Live 5
Trivia Bingo
Activity
Puzzle Library
Sporcle Events
Private Events
Virtual Trivia
Globe League
Become a Host
Pub Owners
SporcleCon
Opinionation
Our Games
Videos
Blog
Mobile Apps
Partnerships
Remove Ads and Go Orange
Feedback
Sports
Athletes
MLB
NBA
NHL
NFL
Soccer
Sports Teams
WWE
NCAA
Football
Premier League
Basketball
Baseball
Hockey
Golf
Tennis
Cricket
Rugby
Auto Racing
Olympics
World Cup
Sports
Athletes
MLB
NBA
NHL
NFL
Soccer
Sports Teams
WWE
NCAA
Football
Premier League
Basketball
Baseball
Hockey
Golf
Tennis
Cricket
Rugby
Auto Racing
Olympics
World Cup
Random Quiz
Search Sporcle
×
Quiz Lab
Quiz Lab
Sports
Top 100
Type in answers that appear in a list
Type in answers that appear in a list
Classic
Best Score? Go Orange.
2011 Top 100 Homerun Hitters Stats
Can you name the 2011 Top 100 Homerun Hitters?
By
goknicks
10m
109 Questions
307 Plays
307 Plays
307 Plays
Comments
Comments
Give Quiz Kudos
Give Quiz Kudos
-
- Ratings
hide this ad
Replay
Link that replays current quiz
Next Quiz
Link to next quiz in quiz playlist
You Got
0%
They Got
Avg Score
64%
Avg Friend Score
Upgrade to see
Score Distribution
Jump to the score distribution portion of the page
Score
0/109
Timer
10:00
0
Plays Today
Team/Year
Player
% Correct
Blue Jays
Jose Bautista
98.4%
Brewers
Prince Fielder
98%
Cardinals
Albert Pujols
97.1%
Brewers
Ryan Braun
96.7%
Dodgers
Matt Kemp
95.8%
Phillies
Ryan Howard
95.8%
Yankees
Curtis Granderson
95.4%
Orioles
Adam Jones
95.1%
Braves
Chipper Jones
94.8%
Pirates
Garret Jones
94.8%
Yankees
Mark Teixeira
94.5%
Tigers
Miguel Cabrera
94.5%
Rangers
Josh Hamilton
94.5%
Reds
Joey Votto
93.8%
Indians
Asdrubal Cabrera
93.8%
Royals
Melky Cabrera
93.8%
Rays
Evan Longoria
92.2%
Red Sox
Adrian Gonzalez
91.5%
Rockies
Carlos Gonzalez
91.5%
Braves
Alex Gonzalez
91.2%
Cubs
Aramis Ramirez
90.9%
White Sox
Alexi Ramirez
90.6%
D-
Backs
Justin Upton
90.2%
Rays
BJ Upton
89.9%
White Sox
Paul Konerko
89.3%
Braves
Dan Uggla
88.6%
Orioles
Mark Reynolds
87.9%
Red Sox
David Ortiz
87.9%
Red Sox
Jacoby Ellsbury
87%
Rangers
Nelson Cruz
86.3%
Yankees
Robinson Cano
85.7%
D-
Backs
Chris Young
85.3%
Cardinals
Lance Berkman
83.7%
Yankees
Alex Rodriguez
83.7%
Rangers
Adrian Beltre
83.4%
Cardinals
Matt Holliday
83.1%
Marlins
Mike Stanton
82.4%
Team/Year
Player
% Correct
Rangers
Ian Kinsler
82.1%
Rockies
Troy Tulowitzki
81.8%
Pirates
Derrek Lee
81.1%
Astros
Carlos Lee
81.1%
Reds
Jay Bruce
80.5%
Cubs
Alfonso Soriano
80.1%
Cubs
Carlos Pena
79.8%
Red Sox
Dustin Pedroia
76.9%
Angels
Torii Hunter
73.6%
Yankees
Nick Swisher
73.3%
Braves
Brian McCann
71.7%
Phillies
Jimmy Rollins
70.4%
Giants
Pablo Sandoval
70%
Nationals
Jayson Werth
69.7%
Angels
Vernon Wells
68.7%
Yankees
Russell Martin
68.7%
Rangers
Mike Napoli
67.1%
Reds
Brandon Phillips
66.4%
Brewers
Corey Hart
66.1%
Reds Sox
Kevin Youkilis
65.1%
Blue Jays
Adam Lind
64.8%
Phillies
Raul Ibanez
64.8%
Pirates
Andrew McCutchen
63.5%
Orioles
Nick Markakis
60.9%
Orioles
JJ Hardy
60.6%
Giants
Carlos Beltran
60.6%
Twins
Michael Cuddyer
60.6%
Brewers
Rickie Weeks
59.6%
Phillies
Shane Victorino
59.3%
Angels
Mark Trumbo
59%
Blue Jays
Kelly Johnson
58%
Nationals
Michael Morse
57.7%
Royals
Billy Butler
57.3%
Royals
Alex Gordon
57%
Rays
Ben Zobrist
56.4%
Braves
Freddie Freeman
52.8%
Phillies
Hunter Pence
52.4%
Team/Year
Player
% Correct
White Sox
Carlos Quentin
50.8%
Orioles
Matt Wieters
49.2%
Indians
Carlos Santana
48.2%
Athletics
Josh Willingham
47.9%
Indians
Jim Thome
47.9%
Royals
Jeff Francoeur
44.3%
Reds
Drew Stubbs
44%
Marlins
Gaby Sanchez
43%
Blue Jays
Edwin Encarnacion
40.7%
Marlins
Logan Morrison
40.1%
D-
Backs
Ryan Roberts
40.1%
Tigers
Alex Avila
39.4%
Royals
Eric Hosmer
38.8%
Rockies
Seth Smith
38.8%
Angels
Howie Kendrick
38.4%
Cubs
Geovany Soto
38.4%
D-
Backs
Miguel Montero
36.5%
Nationals
Danny Espinosa
34.9%
Blue Jays
JP Arencibia
34.2%
Tigers
Jhonny Peralta
33.2%
Rangers
Mitch Moreland
32.6%
Rays
Johnny Damon
30.3%
Red Sox
Jarrod Saltalamacchia
28.3%
Rays
Matt Joyce
26.4%
Marlins
John Buck
26.4%
Tigers
Brennan Boesch
24.1%
Mariners
Miguel Olivo
23.8%
Phillies
John Mayberry
23.8%
Mariners
Justin Smoak
21.8%
Nationals
Wilson Ramos
17.6%
Dodgers
Rod Barajas
16.3%
Rockies
Ty Wigginton
14%
Twins
Danny Valencia
12.1%
Reds
Chris Heisey
11.7%
Nationals
Laynce Nix
9.8%
Quiz Playlist
Details
Report
Send in Message
Add To Playlist
Classic:
Type in answers that appear in a list
Quiz Source
Last Updated: Feb 16, 2017
Quiz Scoreboard
CHALLENGE
Sign Up to Join the Scoreboard
Show All
Scores
Hide
Comments
May contain spoilers
Recently Published
Presidents Visiting Landmarks
by Hejman
History
7m
An Introduction to Baseball
by treessimontrees
Sports
5m
Movies - When Are They Set?
by FPL_Elf
Movies
5m
More to Explore
Quiz From the Vault
Featured Blog Post
Where Did the Easter Bunny Come From?
hide this ad
You Might Also Like...
Tags
100
2011
Hitter
Home Runs
Player
team
Top 100
Today's Top Quizzes in Sports
Browse Sports
hide this ad
Today's Top Quizzes in Top 100
Browse Top 100
Top Contributed Quizzes in Sports
1
Les meilleurs buteurs des matchs entre le PSG et l’OM
2
2022 World Cup Stars
3
FIFA Club World Cup Champions
4
Les entraîneurs de l'OM et du PSG au 21e siècle
5
Name the Premier League winners with different clubs
6
5-to-1: UK Sports Teams
7
La finale Lions - Afrique du Sud 2021
8
Criteria MLB: Left Handed Sluggers
9
AFC Teams Reveal (Wrong Answers Minefield)
10
England Test cricketers to play under Nasser Hussain
Explore More
Trending Topics
Crossword
Anime
NBA
Disney
Marvel
Kpop
Harry Potter
The Office
Puzzle
WWE
Pokémon
Song
Soccer
Country
NFL
hide this ad
More By:
goknicks
Quiz
Plays
Rating
Category
Featured
Created
Mlb Players Clickable (Medium)
3,985
3.12
Sports
Apr 1, 2012
Highest Ratings: Madden 12
3,639
4.13
Sports
Aug 28, 2011
Next To 3000 Hits
2,289
2.46
Sports
Jul 10, 2011
Top MLB Players of the 2000-2010 Decade
1,690
4.00
Sports
May 23, 2012
Top 40 Players of Euro 2012
1,331
4.50
Sports
Jun 14, 2012
Go to Creator's Profile
Score Distribution
Quiz Creator Spotlight
goknicks
Follow
Send a Message
Quizzes Created
-
Created Quiz Play Count
-
More By This Creator
Popular Quizzes Today
1
Find the US States - No Outlines Minefield
2
Find the Countries of Europe - No Outlines Minefield
3
The Countries of the World
4
Find the US States
5
Popular People in 1961
6
US States
7
Risky Map Clicking: Biggest States A-Z
8
Movies - When Are They Set?
More Sports Quizzes
2019-20 NBA Players Crossword
Quiz Lab
Trending Quizzes
Risky Map Clicking: Least Populous States A-Z
1-10 Letter G Words
1-10 Letter F Words
Risky Map Clicking: Next State Alphabetically
Risky Map Clicking: Biggest States A-Z
Recently Updated
Leaping Animals
pecheneg
Reality TV Shows (A-Z)
bhenderson79
Rickey Henderson's Hall of Fame Teammates
pecheneg
Champions League XIs: Arsenal
pecheneg
Quick Pick: Celebrities in WWE's Hall of Fame
aduchscher
A-Z Keypad Blitz II
pecheneg
Multiple Oscar Actors
pecheneg
Mystery Phrase Blitz: Oscar 'Best Actors'
pecheneg
F. Scott Fitzgerald Novels
LTH
Pick 3 Villains
ddd62291
Trending Topics
Crossword
Anime
NBA
Disney
Kpop
Marvel
Harry Potter
NFL
Pokémon
Song
WWE
Country
Soccer
The Office
Puzzle
Your Account Isn't Verified!
In order to create a playlist on Sporcle, you need to verify the email address you used during registration. Go to your
Sporcle Settings
to finish the process.
Report this User
Report this user for behavior that violates our
Community Guidelines
.
Details:
Send Report
Go to the Sporcle.com Mobile Site →
Comments